| 000 | 01297nam0a22002891 4500 | ||
|---|---|---|---|
| 001 | v19\rc\1825500 | ||
| 005 | 20250619134627.0 | ||
| 035 | _a(NLR Aleph) 004922496 | ||
| 090 |
_a5593152 _c5593152 |
||
| 100 | _a20071224e19071907|||y0rusy50 ca | ||
| 101 | 0 | _arus | |
| 102 | _aRU | ||
| 105 | _aa z ||||| | ||
| 200 | 1 |
_aВыравнивание значительных колебаний в нагрузке генераторов энергии при помощи электрического привода _eДокл., чит. 3 февр. 1907 г. в О-ве горн. инж. _fИнж.-техн. М.В. Фридлендер |
|
| 210 |
_aСанкт-Петербург _cтип. П.П. Сойкина _d1907 |
||
| 215 |
_a[2], 28 с. _cил. _d26 |
||
| 311 | _aОтт. из "Изв. О-ва горн. инж." 1907, № 9, 10 | ||
| 488 | 0 |
_12001#$aИзвестия Общества горных инженеров$v1907, № 9, 10 _tИзвестия Общества горных инженеров |
|
| 700 | 1 |
_aФридлендер _bМ.В. _f1879- _gМихаил Васильевич |
|
| 801 | 0 |
_aRU _bNLR _gpsbo |
|
| 801 | 0 |
_aRU _bRuMoRGB _2psbo |
|
| 801 | 1 |
_aRU _bProSoft-M _2rusmarc |
|
| 852 |
_aNLR _j34.84.6.590 |
||
| 899 |
_aRuMoRGB _jU 4/216 |
||
| 899 | _aБАН | ||
| 942 | _cBOOK | ||
| 980 | _aNB | ||